000 00344nam a22001577a 4500
003 OSt
005 20211229131029.0
008 211229b |||||||| |||| 00| 0 eng d
020 _a0672316315
040 _cHU
082 _a005.133
100 _aJaworski Jamie
_926047
245 _aJava 2 Platform
300 _f1424
942 _2ddc
_cBOOKS
_n0
999 _c24968
_d24968